000 00821nam a2200205Ia 4500
008 0000001999 ag ad 0000000000spa00
090 _aPSP00 M87e
110 1 _aMuseo Nacional de Bellas Artes. Buenos Aires
245 1 0 _aEsteban Lisa en el Museo Nacional de Bellas Artes
_c/ curaduría Isabel Corti Maderna ... [et al.] ; fotografía Sara Facío
300 _a92 p.
_c/ 30 cm.
500 _aCon el patronazgo del maestro venezolano Jesús Rafael Soto (q.e.p.d.)
600 0 0 _aLISA, ESTEBAN, 18951983/
_xTRABAJOS PICTORICOS
650 1 4 _aARTE MODERNO ESPAÑOL
650 1 4 _xCATALOGOS
650 1 4 _xEXPOSICIONES
650 1 4 _aPINTORES ESPAÑOLES
650 1 4 _aPINTURA ESPAÑOLA
700 1 _aCorti Maderna, Isabel \ Facío, Sara
999 _c5070
_d5070
260 _aBuenos Aires : Museo Nacional de Bellas Artes
_c1999